Регионална библиотека "Любен Каравелов" - Русе

Тестове по история на България (Запис номер 531)

MARC детайли
000 -Лидер
Контролно поле с фиксирана дължина nam a22 a 4500
003 - Код на организацията, давaща контролен номер
Контролно поле BLK
005 - Дата и час на последна редакция
Контролно поле 20230421113451.0
008 - Елементи от данни с фиксирана дължина
fixed length control field 180412b bul|||||r ||||||| ||bul||
010 ## - Наследен системен номер
LC control number KNG00000882000
020 ## - Международен стандартен номер на книга ISBN
Международен стандартен номер на книга ISBN 954-8355-01-9
040 ## - Източник на каталожния запис
Идентификатор на билиотеката - собственик на записа BLK
041 ## - Код за език
Код за езика на текст/звукозапис или на отделно заглавие Български
Код за езика КДБФ Български
080 ## - УДК
Текстов определител УДК История на България в основното училище
УДК код - определител по УДК 372.894.972
УДК определител (079)(075.2)
УДК - код + определител 372.894.972(079)(075.2)
100 1# - Редна дума - Автор
Автор Симеонова, Надя
Авторска отговорност първи автор
R(LIN) 242556
139 ## - Редно поле
Редна дума Симеонова, Надя и др.
Авторски знак Сим - С 37
245 10 - Сведения за заглавието
Заглавие Тестове по история на България
Подзаглавни данни За IV, V и VI кл.
Редно поле (дума) Надя Симеонова; съавт. Мария Пеева.
260 ## - Област на издателските данни
Място на издаване, разпространение и проч. София
Име на издателя, разпространителя и проч. Микрокосмос
Година на издаване 1993
300 ## - Физическа характеристика
Страници 104 с.
Размери/Мащаб 22 см
380 ## - Жанр
Жанр Обществени науки
490 ## - СЕРИИ (Колекции)
Име на серия Поредица Образователни тестове
№: серия 1
9 (RLIN) 487418
500 ## - Общи забележки
Забележка Деп. списък: 9. - Пълното име на първата авт. е Надя Симеонова Цветкова . - Офс. изд. - 2 000 тир.
650 #4 - Допълнително описание по предмет – тема
Основно описание – тема или топоним България - история - тестове
9 (RLIN) 242558
653 ## - Ключова дума – ненормативна
Ключова дума тестове
653 ## - Ключова дума – ненормативна
Ключова дума история
653 ## - Ключова дума – ненормативна
Ключова дума България
700 1# - Други автори (авторска отговорност)
Лично име Пеева, Мария
Автороска отговорност (Описва отношението между автора и произведението) съавт.
9 (RLIN) 242557
852 ## - Местоположение
Форматна сигнатура Цб 173511
Фондова буква Хранилище
856 4# - Електронен адрес и достъп
Електронен формат pdf - файл
Път до файла /url/
Инструкция (цена за достъп) 0.00
Права за достъп disable
856 4# - Електронен адрес и достъп
Електронен формат pdf - файл
Път до файла /url/
Инструкция (цена за достъп) 0.00
Права за достъп disable
999 ## - СИСТЕМНИ КОНТРОЛНИ НОМЕРА
Koha biblionumber 531
Koha biblioitemnumber 531
942 ## - АРТИКУЛИ
Вид на библиотечния материал Книги
Скрит в OPAC Не
Периодичен библиозапис Да
944 ## - СЪЗДАВАНЕ И РЕДАКЦИЯ на ЗАПИСА
Създаване/Редакция Създаване
Дата на регистрацията/редакция 15.01.2003
Служител, извършил регистрацията/редакцията AB_DOS
944 ## - СЪЗДАВАНЕ И РЕДАКЦИЯ на ЗАПИСА
Създаване/Редакция Редакция
Дата на регистрацията/редакция 20.01.2017
Служител, извършил регистрацията/редакцията Радостина_Карадакова
999 ## - СИСТЕМНИ КОНТРОЛНИ НОМЕРА
Koha biblioitemnumber 531
Наличности
Код за отписване Код за изгубен артикул Източник на класификационната схема Код за повреда Коз за рестрикции Код за отдаване Артикулен № Име на библиотеката - собственик Име на библиотеката, в която се намира в момента Статус (Текущо местоположение) Дата на вписване в системата Местоположение - отдел Цена в лева Инвентарен номер Систематично азбучна сигнатура Баркод Номер на екземпляра Цена в евро Служебна бележка Служебен тип на артикула
Изтеглен Не е изгубен Universal Decimal Classification Не е повреден без рестрикции заемане за дома 1058 Регионална библиотека "Любен Каравелов" Русе Регионална библиотека "Любен Каравелов" Русе Детски отдел 1993-01-01 Детски отдел 1.40 581131 ДН 372.893/899/С 37 581131 1 0.72 Вид: Сф N: Сф Дата: 01.01.1993 Дата инв: 25.09.2015 Бележки инв: Д2015 Книги
  Не е изгубен Universal Decimal Classification Не е повреден без рестрикции ползва се в читалня 1059 Регионална библиотека "Любен Каравелов" Русе Регионална библиотека "Любен Каравелов" Русе Хранилище 1993-01-01 Хранилище 0.40 600636 Цб 173511 120000600636 2 0.20 Вид: Сф N: Сф Дата: 01.01.1993 Книги
Vip Innovations Ltd, Rousse, Bulgaria 2025